000 00629nam a2200241Ia 4500
003 OSt
005 20221007071334.0
006 a|||||r|||| 00| 0
007 ta
008 221006b |||||||| |||| 00| 0 eng d
024 _a16,865
037 _cTextual
040 _aFLL
_cFLL
_beng
041 _2eng
_aeng
082 _aY1:45:65, K9
100 _aKing J.F.S. Au.
_9688550
245 0 _aProbation and after-care service
250 _a3rd
260 _aLondon
_bButterworths England
_c1969
300 _a310p
_ccm.
942 _hY1:45:65, K9
_cTEXL
_2CC
999 _c1143099
_d1143099